LEADER 02383nam a2200361 a 4500 001 000000116996 003 CaOOAMICUS 005 20090915113010.0 008 090915s1513 it u001 u lat r 026 $aitra o-di$bacli ibre (3)$c1513 (A) 040 $aPUL$bita$dRoss 100 0 $aAegidius romanus,$carciv. di Bourges,$dc. 1243-1316.$0(OLS)http://pul/name/3001 245 10$aPosteriora Egidii. Expositio Egidii Romani super libros posteriorum Aristotelis cum textu eiusdem novissime optime recognita cunctisque erroribus expurgata. 260 $e([Venezia] :$fmandato et impensis heredum nobili viri domini Octaviani Scoti civis Modoetiensis et sociorum impressa venetijs per Georgius Arrivabenum,$g1513) 300 $a134 c. ;$cfol. (29 cm) 500 $aTesto su due colonne. 500 $aSegnatura: a-q8 r6 500 $aPresenza di registro in fine. 500 $aIniziali xil. 500 $aMarca n.c. di Scoto in fine. 662 $aItalia$dVenezia.$0(OLS)http://pul/subject/34951 700 0 $aAristoteles,$d384-322 a.C.$0(OLS)http://pul/name/792 710 0 $aScoto, Ottaviano 1, eredi$4pbl.$0(OLS)http://pul/name/71753 710 0 $aArrivabene, Giorgio$4pbl.$0(OLS)http://pul/name/71755 787 0 $aPaulus Venetus O..A., c. 13699-1429.$tPaulus Venetus super libris posteriorum cum tabula. Pauli Veneti ... interpretatio in libris posteriorum Aristotelis novissime castigata ac cum originali ipsius doctoris ad amusim recognita per magistrum Augustinum Montifalconium utroque textu scilicet Boetij et Argiropoli interposito, quadruplicique addita tabula ...$w()116994 850 $aPUL 852 $aPUL$W1$xDP1 Antico 500$y12$m81 A 25 int.2$j134207$qStampati Antico$B133190$CPULBib$Z2$F133190 $82 900 $aAristotle,$d 384-322 a.C.$9792 900 $aAristotele,$d384-322 a.C.$9792 941 1 $a15 961 $aPrecedente appartenenza: Collegio Germanico - Bibl. Sup. Timbro della "Biblioteca Pia Pont. Seminarii Romani" sul front. dell'edizione con cui l'esemplare è rilegato.Stemmi dell'ordine dei Gesuiti (JHS) e di Gregorio XIII sul dorso.Precedente coll.: S IV 36. 996 $6245$aPosteriora Egidii. Expositio Egidii Romani super libros posteriorum Aristotelis cum textu eiusdem novissime optime recognita cunctisque erroribus expurgata.$9(OLS)http://pul/title/147173 996 $6260$a[S.l.] :$b[s.n.]$9(OLS)http://pul/publisher/0 LEADER 01176nam a2200313 u 4500 001 000000046634 003 CaOOAMICUS 005 20070226114809.0 008 990715s1971 it u000 u ita u 035 $a10829868 040 $aPUL(R)$bita 041 1 $aita$hfre 245 00$aSessualità /$cM. Gaudefroy ... [et al.] ; a cura del dott. Ennio Dall'Aglio. 250 $a2. ed. 260 $aAssisi :$bCittadella,$c1971. 300 $a429 p., [1] c. di tav. ripieg. :$bill. ;$c20 cm 490 1 $aPiccole enciclopedie 500 $aTit. orig.: Etudes de sexologie. 500 $aContiene indici. 650 4$aSessuologia.$0(OLS)http://pul/subject/1695 700 1 $aDall'Aglio, Ennio.$0(OLS)http://pul/name/33954 700 1 $aGaudefroy, M.$0(OLS)http://pul/name/33953 830 0$aPiccole enciclopedie.$0(OLS)http://pul/title/21070 850 $aPUL 852 $aPUL$W1$xSL Religione 1$y3$m39 D 13$j62463$nBK-PRI$b $qStampati$B62463$CPULBib$Z2$F62463 $H $81 941 1 $a8 961 $aINV: 35532 996 $6245$aSessualità$9(OLS)http://pul/title/62780 996 $6260$aAssisi :$bCittadella$9(OLS)http://pul/publisher/49668